Catalogue special de chiens de race du Koestritz, Reuss, Thuringe, Allemagne. (Record no. 183493)

MARC details
000 -LEADER
campo de control de longitud fija 00420nam a2200145 i 4500
001 - NÚMERO DE CONTROL
campo de control 183493
003 - IDENTIFICADOR DE NÚMERO DE CONTROL
campo de control ES-MaACL
005 - FECHA Y HORA DE LA ÚLTIMA TRANSACCIÓN
campo de control 20230906221914.0
008 - DATOS DE LONGITUD FIJA--INFORMACIÓN GENERAL
campo de control de longitud fija 140703q18851899gw |||| | fre d
245 00 - MENCIÓN DEL TÍTULO
Título Catalogue special de chiens de race du Koestritz, Reuss, Thuringe, Allemagne.
260 ## - PUBLICACIÓN, DISTRIBUCIÓN, ETC.
Lugar de publicación, distribución, etc. Koestritz :
Nombre del editor, distribuidor, etc. [s.n.,
Fecha de publicación, distribución, etc. 18-?]
300 ## - DESCRIPCIÓN FÍSICA
Extensión 24 p. ;
Dimensiones 22 cm.
650 #4 - PUNTO DE ACCESO ADICIONAL DE MATERIA--TÉRMINO DE MATERIA
Término de materia o nombre geográfico como elemento de entrada Perros.
9 (RLIN) 150938
852 ## - LOCALIZACIÓN
Ubicación ES-MaACL
Número de control de estantería T-559-F-11
Holdings
Estatus retirado Estado de pérdida Estado de daño No para préstamo Colección Biblioteca de origen Biblioteca actual Ubicación en estantería Fecha de adquisición Fuente de adquisición Total de préstamos Signatura topográfica completa Código de barras Visto por última vez Precio de reemplazo Tipo de ítem Koha
        Colección de folletos Biblioteca del Ateneo de Madrid Biblioteca del Ateneo de Madrid Depósito folletos 03/07/2014     T-559-F-11 1192868 23/02/2023 23/02/2023 Folleto